Normal view
MARC view
- Parulekar, B.B
Entry Personal Name
001 - CONTROL NUMBER
- control field: 6332
003 - CONTROL NUMBER IDENTIFIER
- control field: OSt
005 - DATE AND TIME OF LATEST TRANSACTION
- control field: 20241029151404.0
008 - FIXED-LENGTH DATA ELEMENTS
- fixed length control field: 241029|| aca||aabn | a|a d
040 ## - CATALOGING SOURCE
- Original cataloging agency: OSt
- Transcribing agency: OSt
100 ## - HEADING--PERSONAL NAME
- Personal name: Parulekar, B.B
670 ## - SOURCE DATA FOUND
- Source citation: Work cat.: (OSt)12953: Rao, S; . 6331, Energy technology: Non conventional, Renewable and conventional / , 2005.
